Statistics for Land-Locked Countries of Africa

Click here to take the quiz!

General Stats

  • This quiz has been taken 657 times
  • The average score is 15 of 16

Answer Stats

Countries% Correct
Chad
97%
South Sudan
96%
Central African Republic
95%
Lesotho
95%
Zimbabwe
95%
Mali
94%
Niger
94%
Rwanda
94%
Uganda
94%
Zambia
94%
Eswatini
93%
Botswana
92%
Burundi
91%
Ethiopia
91%
Burkina Faso
90%
Malawi
89%

Score Distribution

Percentile by Number Answered

Percent of People with Each Score

Your Score History

You have not taken this quiz